| 000 | 00510cam a2200205 4500 | ||
|---|---|---|---|
| 001 | J64674 | ||
| 008 | 000000n2001 000 0 eng u | ||
| 035 | _a(Sirsi) u113674 | ||
| 041 | _aeng | ||
| 050 | _a333.336 | ||
| 110 |
_aChesterton _92357 |
||
| 245 | _aBig sheds - Summer 2001 | ||
| 260 |
_aLondon _bChesterton _c2001 |
||
| 300 | _a46p. : ill. ; 30cm. | ||
| 650 | _aBIG SHEDS | ||
| 650 | _aDISTRIBUTION BUILDINGS | ||
| 650 | _aWAREHOUSES | ||
| 690 | _aPROPERTY-COMMERCIAL PROPERTY | ||
| 942 | _n0 | ||
| 999 |
_c101539 _d101539 |
||